NZ company slogans - Statistics

General Stats
  • This quiz has been taken 1,044 times
    1,038 since last reset
  • The average score is 5 of 10
Answer Stats
Slogan Answer % Correct
Where everyone gets a bargain The Warehouse
81%
No one's got more sports gear Rebel Sports
78%
Our policy is NZ's lowest food prices PAK'nSAVE
77%
You'll never buy better Briscoes
75%
DIY it's in our DNA Mitre10
72%
You just can't beat the ______ meat MAD BUTCHER
56%
Pride of the South Speight's
44%
Your Store Farmers
24%
It's good to try new things Mainland Cheese
9%
Yeah Yeah! Bank Shoes
3%
No matching quizzes found
Score Distribution
Percent of People with Each Score
Percentile by Number Answered
Your Score History
You have not taken this quiz since the last reset